| 000 | 02312cam a22003257i 4500 | ||
|---|---|---|---|
| 003 | OSt | ||
| 005 | 20240530110424.0 | ||
| 008 | 130510t20122012ua ab f b 000 0 eng d | ||
| 020 | _a9789774165818 | ||
| 020 | _a9774165810 | ||
| 035 | _a(OCoLC)ocn815379223 | ||
| 040 |
_aEG-CaGPL _cEG-CaGPL |
||
| 042 | _alccopycat | ||
| 043 | _af-ua--- | ||
| 082 | 0 | 4 |
_221 _a962.05 _bCC/E A |
| 100 | 1 | _aEdwards, Jill | |
| 245 | 0 | 3 |
_aEl Alamein and the struggle for North Africa : _binternational perspectives from the twenty-first century / _cedited by Jill Edwards. |
| 264 | 1 |
_aCairo : _bThe American University in Cairo Press, _c[2012] |
|
| 264 | 4 | _c©2012. | |
| 300 |
_axxi, 239 pages : _billustrations, maps ; _c23 cm |
||
| 336 |
_atext _2rdacontent |
||
| 337 |
_aunmediated _2rdamedia |
||
| 338 |
_avolume _2rdacarrier |
||
| 504 | _aIncludes bibliographical references. | ||
| 505 | 0 | 0 |
_tForeword / _rWilliam Roger Louis -- _tIntroduction / _rJill Edwards -- _g1. _tThe war in North Africa, 1940-43: an overview of the role of the Union of South Africa / _rJames Jacobs -- _g2. _tTraining the troops: the Indian army in Egypt, Eritrea, and Libya, 1940-1942 / _rAlan Jeffreys -- _g3. _t"The part we played in this show": Australians and El Alamein / _rPeter Stanley -- _g4. _t"No model campaign": the Second New Zealand Division and the battle of El Alamein, October-December 1942 / _rGlyn Harper -- _g5. _tThe Free French in the battle for North Africa, 1942: military action and its political presentation / _rRémy Porte -- _g6. _tBetween history and geography: the El Alamein Project: research, findings, and results / _rAldino Bondesan -- _g7. _tSilent service: the Royal Navy and the desert victory / _rNick Hewitt -- _g8. _tFeeding the fortress: Malta, summer 1942 / _rThomas Scheben -- _g9. _t"The highest rule": Rommel as military genius / _rAntulio J. Echevarria II -- _g10. _tHigh command in the desert / _rNiall Barr -- _g11. _tAlexandrians tell their story: oral narratives of the war in North Africa, 1940-43 / _rMohamed Awad and Sahar Hamouda -- _g12. _tThe battle of El Alamein: impressions of a young schoolboy in Alexandria / _rHarry Tzalas -- "Here dead lie we" / _rA.E. Housman. |
| 650 | 0 | _aEl Alamein, Battle of, Egypt, 1942. | |
| 650 | 0 |
_aWorld War, 1939-1945 _zEgypt. |
|
| 700 | 1 |
_aEdwards, Jill _q(Jill Mary) |
|
| 942 |
_2ddc _cBK |
||
| 999 |
_c60718 _d60718 |
||